000 02253nam a2200613 4500
003 PE-LiUPU
005 20250731170502.0
008 070403s2006 sp | ||| ||spa
020 _a9788472456303
040 _aPE-LiUPU
_bspa
_cPE-LiUPU
_erda
041 1 _aspa
_heng
080 _a159.928.23
082 _223
_a152
_bG625i
100 1 _aGoleman, Daniel
_d1946-
_0XX966137
_eautor
240 1 0 _aSocial intelligence
_lEspañol
245 1 0 _aInteligencia social :
_bLa nueva ciencia de las relaciones humanas /
_cDaniel Goleman ; traducción del inglés de David González Raga.
250 _aPrimera edición.
264 _aBarcelona :
_bKairós,
_c2006.
300 _a543 páginas :
_c22 centímetros.
500 _aÍndice
505 _aProgramados para conectar -- El vínculo roto -- Educando la naturaleza -- Las variedades del amor -- Las relaciones sanas -- Consecuencias sociales
526 _aSEG68
526 _aSEG70
526 _aSEG69
526 _aSEG67
526 _aSEG43
526 _aP144
526 _aP143
526 _aP131
526 _aP122
526 _aP120
526 _aP117
526 _aP112
526 _aP110
526 _aP106
526 _aP101
526 _aP80
526 _aP59
526 _aP54
526 _aP35
526 _aP33
526 _aP30
650 1 7 _aInteligencia social
_2embne
942 _2ddc
_cBK
_n0
980 _aChristian Lazo Analista Documental
_a84-7245-630-7
_aSpMaBN
_bBNALCALA
_jAHMO/259826
_cSG_PETANTI
_618228
_81
_gALBERTO SANCHEZ Responsable de Automatización
980 _aB 52190-2006
_a84-7245-630-7
_aSpMaBN
_bBNALCALA
_jAHMO/266064
_cSG_PETANTI
980 _aB 41056-2006
_a84-7245-630-7
_aSpMaBN
_bBNALCALA
_jAHMO/266736
_cSG_PETANTI
980 _aB 32551-2007
_a84-7245-630-7
_aSpMaBN
_bBNALCALA
_jAHMO/290281
_cSG_PETANTI
980 _aB 41056-2006
_a84-7245-630-7
_aSpMaBN
_bBNALCALA
_j12/421324
_cSG_PETANTI
980 _aB 54949-2006
_a84-7245-630-7
_aSpMaBN
_bBNALCALA
_jDL/1551335
_cCONSERVACI
980 _aB 52190-2006
_a84-7245-630-7
_aSpMaBN
_bBNALCALA
_jDL/1559220
_cCONSERVACI
980 _aB 41056-2006
_a84-7245-630-7
_aSpMaBN
_bBNALCALA
_jDL/1560117
_cCONSERVACI
980 _aB 32551-2007
_a84-7245-630-7
_aSpMaBN
_bBNALCALA
_jDL/1588797
_cCONSERVACI
999 _c62391
_d62390